Normal view
MARC view
Entry Topical Term
001 - CONTROL NUMBER
- control field: 58277
003 - CONTROL NUMBER IDENTIFIER
- control field: OSt
005 - DATE AND TIME OF LATEST TRANSACTION
- control field: 20250717124252.0
008 - FIXED-LENGTH DATA ELEMENTS
- fixed length control field: 250717|| aca||aabn | a|a d
040 ## - CATALOGING SOURCE
- Original cataloging agency: OSt
- Transcribing agency: OSt
600 ## -
- : Music
- : Social aspects
670 ## - SOURCE DATA FOUND
- Source citation: Work cat.: (OSt)68523: Kigame Reuben 48144, Music and Social Justice in the East African Church :, 2025
